zpět

Detail výsledku týmu

Saloon Roudná, Plzeň

Datum a čas kvízu

23.5 Celkem bodů Celkový počet nahraných bodů na tomto kvízu bez doplňovacích otázek.
11. Pořadí na kvízu Konečné umístění týmu na tomto kvízu.

Zaznamenané odpovědi

# Otázka Odpověď Body Výsledky
1. Dnešní finále otevřeme otázkou... 1D 2A 3B 4C 0
2. V roce 2008 obdržela trojice v... z medúzy 1
3. Velkou filmovou událostí uplyn... James Cameron 1
4. Nejen jako reakce na pandemii... Dramox 0
5. První desetiletí tohoto stolet... D 1
6. Do hodně zemí potřebujeme pas.... 5 let 0
7. Na spoustu dovolených se v dne... Flight Level 1
8. Pokud máte rádi pěší turistiku... Hudy 1
9. Nádherné historické centrum př... v Kolumbii 0
10. Nemusíme se nutně vydávat do J... Pančavský vodopád, Polsko 1